000 00799nam a22002411u 4500
001 05919
003 HDC
007 cr bn ---
008 210122p2012 xx n 10 eng
040 _aHDC
245 2 _aA Prototype of Halal Product Recognition System /
_cby Murizah Kassim
260 _a[No place] :
_b[publisher not identified],
_c2012
300 _a5 pages
336 _atext
_2rdacontent
337 _acomputer
_2rdamedia
338 _aonline resource
_2rdacarrier
650 _aHalal food
_950
650 _aIslam
_xCustoms and practices
_9691
856 _zRequest full-text at [email protected]
942 _2lcc
942 _cCONP
942 _kCONF 000007
999 _c3243
_d3243